Star Wars: The Acolyte Episodes - Statistics

General Stats
  • This quiz has been taken 7 times
  • The average score is 6 of 8
Answer Stats
Hint Answer % Correct
1 The Acolyte
100%
1 Day
83%
1 Lost / Found
83%
1 Night
83%
1 Choice
67%
1 Revenge / Justice
67%
1 Destiny
50%
1 Teach / Corrupt
50%
No matching quizzes found
Score Distribution
Percent of People with Each Score
Percentile by Number Answered
Your Score History
You have not taken this quiz